| 000 | 00581nam a22002055a 4500 | ||
|---|---|---|---|
| 005 | 20180508105637.0 | ||
| 008 | 180508s2017 mv frb 000 0 eng d | ||
| 020 | _a9783330074330 | ||
| 040 |
_aEG-ScBUE _beng _cEG-ScBUE |
||
| 082 | 0 | 4 |
_a320.54 _bSOL _222 |
| 100 | 1 | _aSoliman, Nagwa. | |
| 245 | 1 | 0 |
_aUnity amidst division / _cNagwa Soliman. |
| 260 |
_aBalti : _bLAP LAMBERT Academic Publishing, _c2017. |
||
| 300 |
_a48 p. ; _c24 cm. |
||
| 500 | _aComposed by BUE Staff. | ||
| 650 | 7 |
_aNationalism. _2BUEsh |
|
| 651 | _2BUEsh | ||
| 653 |
_bGGEN _bHHUUEENN _cMay2018 |
||
| 942 | _2ddc | ||
| 999 |
_c26657 _d26629 |
||